La división político-administrativa de Chile, 1541-1811

Gorde:
Xehetasun bibliografikoak
Egile nagusia: Cobos Noriega, María Teresa (Egilea)
Formatua: Liburua
Hizkuntza:gaztelania
Argitaratua: Valparaíso, Chile Universidad Católica de Valparaíso 1989
Saila:Monografías históricas, 3
Gaiak:
Etiketak: Etiketa erantsi
Etiketarik gabe, Izan zaitez lehena erregistro honi etiketa jartzen!

MARC

LEADER 00000cam a2200000 a 4500
001 UCX0966
003 CL-VaPUC
005 20210604001534.0
008 900426e19890000CL |||||||||||||||||spa|d
999 |c 222331  |d 222329 
040 |c Pontificia Universidad Católica de Valparaíso 
082 0 4 |a 983.03 COB 1989  |2 21 
100 0 |a Cobos Noriega, María Teresa  |e author  |9 316338 
245 1 3 |a La división político-administrativa de Chile, 1541-1811 
260 |a Valparaíso, Chile  |b Universidad Católica de Valparaíso  |c 1989 
300 |a 174 páginas 
490 0 |a Monografías históricas,  |v  3 
583 |a last modification  |c 20160616 01:31:53  |k Rodrigo Vera 
650 0 |a Historia  |9 255047 
852 |a BIBCUR 
942 |c BK  |2 ddc 
945 |d 19900426 00:00:00 
952 |0 0  |1 0  |2 ddc  |4 0  |6 983_030000000000000_COB_1989  |7 0  |8 A  |9 216858  |a BIBHIS  |b BIBHIS  |d 2019-11-15  |i 2858355  |o 983.03 COB 1989  |p 2858355  |r 2025-01-20  |t 3  |w 2019-11-15  |y BK  |k HIS 
952 |0 0  |1 0  |2 ddc  |4 0  |6 983_030000000000000_COB_1989  |7 0  |8 A  |9 216859  |a BIBHIS  |b BIBHIS  |d 2019-11-15  |i 2858363  |l 3  |o 983.03 COB 1989  |p 2858363  |r 2025-01-20  |s 2021-05-24  |t 4  |w 2019-11-15  |y BK  |k HIS 
952 |0 0  |1 0  |2 ddc  |4 0  |6 983_030000000000000_COB_1989  |7 0  |8 A  |9 216860  |a BIBHIS  |b BIBHIS  |d 2019-11-15  |i 3985849  |l 2  |m 2  |o 983.03 COB 1989  |p 3985849  |r 2025-01-20  |s 2023-08-08  |t 5  |w 2019-11-15  |y BK  |k HIS 
952 |0 0  |1 0  |2 ddc  |4 0  |6 983_030000000000000_COB_1989  |7 0  |8 A  |9 216861  |a BIBHIS  |b BIBHIS  |d 2019-11-15  |i 4170725  |l 2  |o 983.03 COB 1989  |p 4170725  |r 2025-01-20  |s 2024-04-18  |t 6  |w 2019-11-15  |y BK  |k HIS 
952 |0 0  |1 0  |2 ddc  |4 0  |6 983_030000000000000_COB_1989  |7 0  |8 A  |9 216862  |a BIBHIS  |b BIBHIS  |d 2019-11-15  |i 4170733  |o 983.03 COB 1989  |p 4170733  |r 2025-01-20  |t 7  |w 2019-11-15  |y BK  |k HIS 
952 |0 0  |1 0  |2 ddc  |4 0  |6 983_030000000000000_COB_1989  |7 0  |8 A  |9 216863  |a BIBHIS  |b BIBHIS  |d 2019-11-15  |i 4170741  |l 1  |o 983.03 COB 1989  |p 4170741  |r 2025-01-20  |s 2023-04-25  |t 8  |w 2019-11-15  |y BK  |k HIS 
952 |0 0  |1 0  |2 ddc  |4 0  |6 983_030000000000000_COB_1989  |7 0  |8 A  |9 216864  |a BIBHIS  |b BIBHIS  |d 2019-11-15  |i 4606655  |o 983.03 COB 1989  |p 4606655  |r 2025-01-20  |t 9  |w 2019-11-15  |y BK  |k HIS 
952 |0 0  |1 0  |2 ddc  |4 0  |6 983_030000000000000_COB_1989  |7 0  |8 P  |9 216865  |a BIBDER  |b BIBDER  |d 2019-11-15  |i 2519720  |o 983.03 COB 1989  |p 2519720  |r 2023-01-25  |t 1  |w 2019-11-15  |y BK  |k DER 
952 |0 0  |1 0  |2 ddc  |4 0  |6 983_030000000000000_COB_1989  |7 0  |8 DER_HDC  |9 216866  |a BIBDER  |b BIBDER  |d 2019-11-15  |i 3816397  |l 1  |o 983.03 COB 1989  |p 3816397  |r 2023-01-25  |s 2020-03-19  |t 2  |w 2019-11-15  |x Ubicación 4to Piso  |y BK  |z Estos recursos deben solicitarse con anticipación  |k DER 
952 |0 0  |1 0  |2 ddc  |4 0  |6 983_030000000000000_COB_1989  |7 0  |8 X  |9 216867  |a FDOBUD  |b FDOBUD  |d 2019-11-15  |i 4546172  |o 983.03 COB 1989  |p 4546172  |r 2019-11-15  |t 10  |w 2019-11-15  |y BK_X  |k FHP 
952 |0 0  |1 0  |2 ddc  |3 erb  |4 0  |6 983_030000000000000_COB_1989  |7 0  |8 A  |9 216868  |a FDOHBE  |b FDOHBE  |e Huesbe Llanos, Marco Antonio, 1934-  |i 5307589  |o 983.03 COB 1989  |p 5307589  |r 2024-01-30  |t 11  |w 2019-11-15  |y BK  |z Catalogado en:20160616  |k HBE